01687nam a2200205Ia 450000500170000000800410001704000440005804100080010208200160011010000370012624500580016326000550022130000350027649000390031150006560035050504150100650600210142165000150144265000240145720240116094642.0130821s1936 ck fr dspa  aCo-BoUCMbspacSandra YazodSandra Yazo00aspa04a070.4422201 aReyes Prieto, Rafaeld1849-1921 14aLos mejores artículos políticoscRafael Núñez aBogotá (Colombia)bEditorial Minerva S. A.c1936 a164, [1] páginasc18 x 14 cm 0aBiblioteca Aldeana de Colombiav65 aDetalles físicos: Sin encuadernación original. Actualmente: Encuadernación rígida (holandesa) en cartón forrado en papel jaspeado en tono azul. Lomo de tela, con letras y líneas decorativas en dorado. Cortes decorados (jaspeado azul). Guardas. Hoja de cortesía. Portada impresa en una sola tinta. Grabado con el emblema de la Colección. Texto impreso en una sola columna, con diferentes tipos y tamaños de letra. Notas de pie de página. Papel oxidado en bordes de las hojas. En la encuadernación (lomo) se indica una numeración (65). Colección Aldeana de Colombia es una selección de Samper Ortega de Literatura Colombiana.0 aRafael Núñez / por Soledad Acosta de Samper -- Artículos políticos: Sociología ; La Reorganización ; La paz científica ; Política independiente ; La degeneración ; Una vieja historia ; El 20 de julio ; La vía Sacra de las ideas ; El realismo en política ; El pueblo colombiano ; El gran general Mosquera ; Cesarismo ; Ni tanto ni tan poco ; La literatura rusa ; Románticos y decadentes  aConsulta en sala07aPolítica07aEnsayos colombianos